|
|
|
|
| LEADER |
01736cam a2200469 a 4500 |
| 001 |
000745050 |
| 003 |
CZ BrMZK |
| 005 |
20130525140756.0 |
| 007 |
ta |
| 008 |
041021s2004 xr er 001 0 engoc |
| 015 |
|
|
|a cnb001310060
|
| 020 |
|
|
|a 80-7050-443-9
|q (brož.)
|
| 035 |
|
|
|a (OCoLC)85099954
|
| 040 |
|
|
|a ABA001
|b cze
|d BOA001
|
| 041 |
0 |
|
|a eng
|a rus
|
| 043 |
|
|
|a et-----
|a e-ru---
|
| 072 |
|
7 |
|a 94(4)
|x Dějiny Evropy
|2 Konspekt
|9 8
|
| 080 |
|
|
|a 94[(4-191.2)+(4-11)
|2 MRF
|
| 080 |
|
|
|a 94(470+571)
|2 MRF
|
| 080 |
|
|
|a (048.8)
|2 MRF
|
| 080 |
|
|
|a (082)
|2 MRF
|
| 245 |
0 |
4 |
|a The history of East Central Europe and Russia :
|b on the occasion of the 25th anniversary of the death of Jan Slavík /
|c edited by Petr Roubal and Václav Veber
|
| 246 |
3 |
|
|a Prague perspectives (I)
|
| 250 |
|
|
|a 1st ed.
|
| 260 |
|
|
|a Prague :
|b National Library of the Czech Republic, Slavonic Library,
|c 2004
|
| 300 |
|
|
|a 444 s. ;
|c 21 cm
|
| 490 |
1 |
|
|a Slavonic Library series
|
| 490 |
1 |
|
|a Prague perspectives ;
|v 1
|
| 504 |
|
|
|a Obsahuje bibliografie, bibliografické odkazy a rejstřík
|
| 546 |
|
|
|a Část. ruský text
|
| 655 |
|
7 |
|a studie
|7 fd133597
|2 czenas
|
| 655 |
|
7 |
|a sborníky
|7 fd163935
|2 czenas
|
| 651 |
|
7 |
|a Evropa střední a východní
|7 ge128476
|x dějiny
|2 czenas
|
| 651 |
|
7 |
|a Rusko
|7 ge128566
|x dějiny
|2 czenas
|
| 700 |
1 |
|
|a Roubal, Petr,
|d 1975-
|7 mzk2004252217
|4 edt
|
| 700 |
1 |
|
|a Veber, Václav,
|d 1931-2016
|7 jk01141849
|4 edt
|
| 810 |
2 |
|
|a Národní knihovna České republiky.
|b Slovanská knihovna.
|t Publikace
|0 s
|
| 830 |
|
0 |
|a Prague perspectives
|0 s
|
| 910 |
|
|
|a BOA001
|b 2-1141.200
|
| 990 |
|
|
|a BK
|
| 995 |
|
|
|a 01
|
| 996 |
6 |
|
|b 2610230441
|c 2-1141.200
|l MZK
|r Sklad / do 1 hodiny
|n 6
|p p.v.
|w 000745050
|u 000010
|a 1
|e BOA001
|j MZK50
|s P
|